1564 1071 1772 1721 1203 1963 1249 1635 1447 1156 1604 1214 1328 1167 1533 1069 1014 1572 1987 1772 1872 1199 1818 1442 1611 1101 1702 1867 1971 1633 1416 1600 1843 1215 1464 1019 1721 1456 1052 1804 1496 1879 1221 1228 1780 1695 1563 1626 1467 1235 1828 1266 1473 1087 1621 1189 1795 1315 1813 1207 1404 1788 1198 1372 1254 1596 1863 1631 1585 1863 1608 1323 1119 1419 1181 1525 1530 1552 1726 1393 1533 1062 1851 1732 1410 1642 1647 1421 1603 1699 1468 1370 1536 1726 1847 1242 1107 1776 1998 BCNSPRNW ULIB Ver.6.0+V

เปลี่ยนเป็นภาษาไทย

Change to English
 แสดงรายละเอียดบรรณานุกรม
  กลับหน้าหลัก

Brief Record : Get Marc (ISO 2709) : E-mail record : QR code < ปิดหน้าต่าง
LEADER : 00000nam 2200000uu 4500
001    13399107786
003     ULIB
008    110203s2552||||th 000 0 tha d
020    9746577123
060 04 WY20.5^bว523ก 2552
100 0  วิจิตร ศรีสุพรรณ
245 10 การวิจัยทางการพยาบาล :^bหลักการและแนวปฏิบัติ /^cวิจิตรศรีสุพรรณ
250    พิมพ์ครั้งที่ 4
260    เชียงใหม่ :^bโครงการตำรา คณะพยาบาลศาสตร์มหาวิทยาลัยเชียงใหม่,^c2552
300    171 หน้า ;^c27 ซม.
650  7 การพยาบาล^xวิจัย
650  7 พยาบาล^xวิจัย
710 2  มหาวิทยาลัยเชียงใหม่. ^bคณะพยาบาลศาสตร์. ^bโครงการตำรา
995    เกษร
999    ^aใช้งานได้ทุกระบบ
รายการนี้ยังไม่มีแท็ก
คุณยังไม่ได้ล็อกอิน คุณสามารถมีกิจกรรมร่วมกับเว็บไซต์ได้ แต่ต้องล็อกอินก่อน ::
  ล็อกอิน

รายการสื่อสารสนเทศ

ลำดับที่ ประเภท เลขเรียก/บาร์โค้ด สถานที่ สถานะ
- ไม่พบข้อมูล -

รายการใกล้เคียง
    ผู้แต่ง [วิจิตร ศรีสุพรรณ]

BibComment


ยังไม่เคยถูกคอมเมนท์

คอมเมนท์ทรัพยากรรายการนี้
  คอมเมนท์: การวิจัยทางการพยา..


 Copyright 2026. Bcnsprnw @Library